Catálogo de variedades de especies frutales

Gardado en:
Detalles Bibliográficos
Autor Principal: Abascal, Ulises (Author)
Formato: Libro
Idioma:Lingua castelá
Publicado: Santiago INIA 1985
Subjects:
Tags: Engadir etiqueta
Sen Etiquetas, Sexa o primeiro en etiquetar este rexistro!

MARC

LEADER 00000nam a2200000 a 4500
001 UCR3979
003 CL-VaPUC
008 980307e19850000CL |||||||||||||||||spa|d
082 0 4 |a 634  |b ABA  |2 21 
100 0 |a Abascal, Ulises  |e author  |9 403549 
245 1 0 |a Catálogo de variedades de especies frutales 
300 |a 199 p 
942 |c BK 
945 |d 19980307 00:00:00  |a jquezada 
260 |a Santiago  |b INIA  |c 1985 
650 0 |a Variedades frutales  |9 404820 
650 0 |a Catálogos  |9 256258 
583 |a last modification  |c 20141212 02:43:14  |k Rodrigo Vera 
999 |c 266991  |d 266989 
952 |0 0  |1 1  |2 ddc  |4 0  |6 634_000000000000000_ABA_1985  |7 0  |8 A  |9 299070  |a BIBAGR  |b BIBAGR  |d 2019-11-20  |i 3394506  |o 634 ABA 1985  |p 3394506  |r 2019-11-20  |w 2019-11-20  |y BK  |k AGR